[Event "Srpska Republic-chT 1st League"]
[Site "Banja Vrucica"]
[Date "2014.08.15"]
[Round "7.5"]
[White "Stankovic, Milos"]
[Black "Jefic, Srdjan"]
[Result "1/2-1/2"]
[WhiteElo "2416"]
[BlackElo "2204"]
[PlyCount "23"]
[EventDate "2014.08.09"]
[EventType "team-tourn"]
[EventRounds "9"]
[EventCountry "BIH"]
[SourceTitle "EXT 2016"]
[Source "ChessBase"]
[SourceDate "2015.10.08"]
[SourceVersion "1"]
[SourceVersionDate "2015.10.08"]
[SourceQuality "1"]
[WhiteTeam "Termag Gorski"]
[BlackTeam "Zvornik Drina"]
[WhiteTeamCountry "BIH"]
[BlackTeamCountry "BIH"]

1. e4 c6 2. c4 d5 3. cxd5 cxd5 4. exd5 Qxd5 5. Nc3 Qd8 6. Nf3 Nf6 7. Bc4 Nc6 8. 0-0 e6 9. d4 Be7 10. Bg5 0-0 11. Re1 h6 12. Bh4 1/2-1/2

[Event "Skopje Karposh op"]
[Site "Skopje"]
[Date "2014.03.30"]
[Round "3"]
[White "Jefic, Srdjan"]
[Black "Aydin, Kaan Ayhan"]
[Result "1-0"]
[WhiteElo "2214"]
[BlackElo "1795"]
[PlyCount "65"]
[EventDate "2014.03.29"]
[EventType "swiss"]
[EventRounds "9"]
[EventCountry "MKD"]
[SourceTitle "CBM 159 Extra"]
[Source "ChessBase"]
[SourceDate "2014.04.24"]
[SourceVersion "1"]
[SourceVersionDate "2014.04.24"]
[SourceQuality "1"]

1. e4 e6 2. d3 c5 3. Nc3 Nc6 4. f4 d5 5. Nf3 Nge7 6. g3 g6 7. Bg2 Bg7 8. e5 a6 9. 0-0 b5 10. Ne2 Bb7 11. c3 Nf5 12. g4 Nh6 13. h3 Ng8 14. Be3 Qe7 15. Qe1 f5 16. Qf2 Bf8 17. g5 h6 18. h4 Rc8 19. Rfc1 Qc7 20. Bxc5 Bxc5 21. Qxc5 Nxe5 22. Qe3 Nxf3+ 23. Bxf3 Kf7 24. Nd4 Re8 25. Re1 Qd6 26. Kg2 hxg5 27. hxg5 Bc8 28. Qe5 Qxe5 29. Rxe5 Bd7 30. Rae1 Rh7 31. Kg3 Rh8 32. Nxe6 Ne7 33. Nc7 1-0

[Event "Serbian Republic op-ch"]
[Site "Prijedor"]
[Date "2013.12.14"]
[Round "5"]
[White "Radic, Rajko"]
[Black "Jefic, Srdjan"]
[Result "0-1"]
[WhiteElo "2074"]
[BlackElo "2226"]
[PlyCount "112"]
[EventDate "2013.12.12"]
[EventType "swiss"]
[EventRounds "7"]
[EventCountry "BIH"]
[SourceTitle "CBM 158 Extra"]
[Source "ChessBase"]
[SourceDate "2014.02.28"]
[SourceVersion "1"]
[SourceVersionDate "2014.02.28"]
[SourceQuality "1"]

1. Nf3 d5 2. d4 Nf6 3. c4 c6 4. Nc3 dxc4 5. a4 Bf5 6. Ne5 Nbd7 7. Nxc4 Qc7 8. g3 e5 9. dxe5 Nxe5 10. Bf4 Nfd7 11. Nxe5 Nxe5 12. Bg2 f6 13. Qb3 Bd6 14. a5 a6 15. 0-0 Qf7 16. Qa4 0-0 17. Rfd1 Rad8 18. Ne4 Be7 19. Be3 Be6 20. Rxd8 Rxd8 21. Bc5 Bc4 22. Qb4 Bxc5 23. Nxc5 Bxe2 24. Qxb7 Qxb7 25. Nxb7 Rd2 26. b3 Bb5 27. Bf1 Nd3 28. Nd6 Nxf2 29. Nxb5 cxb5 30. Rc1 Ng4 31. Rc6 Ne5 32. Rc8+ Kf7 33. Bg2 Ra2 34. b4 Rb2 35. Ra8 Rxb4 36. Rxa6 Rb1+ 37. Kf2 Ng4+ 38. Kf3 Nxh2+ 39. Ke3 Rb3+ 40. Kd4 Rxg3 41. Bd5+ Kg6 42. Rb6 Ra3 43. a6 Ng4 44. Kc5 Ne5 45. Kxb5 Nd7 46. Rb7 Rxa6 47. Rxd7 Ra1 48. Kc4 h5 49. Bf7+ Kg5 50. Bxh5 Kxh5 51. Rxg7 Rd1 52. Kc3 f5 53. Kc2 Rd5 54. Rg1 Kh4 55. Kc3 f4 56. Kc4 Rd7 0-1

[Event "Serbian Republic op-ch"]
[Site "Prijedor"]
[Date "2013.12.13"]
[Round "2"]
[White "Jefic, Srdjan"]
[Black "Cavar, Drago"]
[Result "1/2-1/2"]
[WhiteElo "2226"]
[BlackElo "2122"]
[PlyCount "102"]
[EventDate "2013.12.12"]
[EventType "swiss"]
[EventRounds "7"]
[EventCountry "BIH"]
[SourceTitle "CBM 158 Extra"]
[Source "ChessBase"]
[SourceDate "2014.02.28"]
[SourceVersion "1"]
[SourceVersionDate "2014.02.28"]
[SourceQuality "1"]

1. e4 b6 2. g3 Bb7 3. Bg2 d5 4. e5 e6 5. d3 Nd7 6. Nf3 Ne7 7. 0-0 g6 8. Bf4 Bg7 9. Qe2 c6 10. Nbd2 Rc8 11. Rfe1 0-0 12. h4 h6 13. Nf1 Nf5 14. Ne3 Re8 15. Qd2 Kh7 16. Ng4 c5 17. c3 d4 18. c4 Bc6 19. Qe2 Qc7 20. Nd2 Bxg2 21. Kxg2 h5 22. Nh2 Rh8 23. Nhf3 Qc6 24. Kh3 Rce8 25. Ng5+ Kg8 26. a3 Nh6 27. f3 Nf5 28. Qe4 Ne7 29. b4 Qxe4 30. Ndxe4 Nc6 31. bxc5 Ncxe5 32. Nd6 Rf8 33. Bxe5 Bxe5 34. Ndxf7 Rxf7 35. Nxf7 Kxf7 36. c6 Nc5 37. Rxe5 Nxd3 38. Re2 Nc5 39. Rd1 d3 40. Re5 Rc8 41. Rxc5 bxc5 42. Rxd3 Rc7 43. Rd8 a6 44. Ra8 Rxc6 45. f4 Kf6 46. Rf8+ Kg7 47. Ra8 Kf7 48. Kg2 Kf6 49. Rf8+ Ke7 50. Rg8 Kf7 51. Ra8 Kf6 1/2-1/2

[Event "BIH-chT 12th"]
[Site "Sarajevo"]
[Date "2013.06.17"]
[Round "3.4"]
[White "Jefic, Srdjan"]
[Black "Saric, Ibro"]
[Result "1-0"]
[WhiteElo "2166"]
[BlackElo "2572"]
[PlyCount "119"]
[EventDate "2013.06.15"]
[EventType "team-tourn"]
[EventRounds "9"]
[EventCountry "BIH"]
[SourceTitle "CBM 155 Extra"]
[Source "ChessBase"]
[SourceDate "2013.08.26"]
[SourceVersion "1"]
[SourceVersionDate "2013.08.26"]
[SourceQuality "1"]
[WhiteTeam "Zvornik Drina"]
[BlackTeam "Sarajevo Bosna"]
[WhiteTeamCountry "BIH"]
[BlackTeamCountry "BIH"]

1. e4 c5 2. Nf3 d6 3. d4 cxd4 4. Nxd4 Nf6 5. Nc3 a6 6. Be3 e5 7. Nb3 Be6 8. f4 exf4 9. Bxf4 Nc6 10. h3 Rc8 11. Qd2 d5 12. exd5 Nxd5 13. Nxd5 Bxd5 14. 0-0-0 Nb4 15. Kb1 Be7 16. a3 Bxb3 17. Qxd8+ Rxd8 18. Rxd8+ Bxd8 19. cxb3 Nd5 20. Bd2 Bf6 21. Bc4 Ne7 22. Re1 b5 23. Bd5 0-0 24. Bb7 Rb8 25. Bxa6 Rb6 26. Bc8 h5 27. Bb4 Nxc8 28. Re8+ Kh7 29. Rxc8 Kg6 30. Rc2 Kf5 31. Bc5 Ra6 32. Bf2 Ke4 33. Rc5 Be5 34. Rxb5 Rg6 35. Rb4+ Kd3 36. g4 Rf6 37. Rb5 Ke4 38. Bc5 Rf1+ 39. Ka2 Rh1 40. a4 Rh2 41. Ba3 Rxh3 42. gxh5 f5 43. a5 Rxh5 44. a6 Bd4 45. Bc5 Bxc5 46. Rxc5 Rh8 47. b4 f4 48. b5 Ra8 49. Rc7 g5 50. a7 f3 51. b6 f2 52. Rc1 Kd5 53. Kb3 f1Q 54. Rxf1 Kc6 55. Rf6+ Kb7 56. Kb4 Re8 57. Ka5 Re5+ 58. Ka4 Re8 59. b4 Re1 60. Ka5 1-0

[Event "Srpska Republic-ch"]
[Site "Prijedor"]
[Date "2012.12.28"]
[Round "2"]
[White "Narancic, Vlado"]
[Black "Jefic, Srdjan"]
[Result "1/2-1/2"]
[WhiteElo "2345"]
[BlackElo "2133"]
[PlyCount "86"]
[EventDate "2012.12.27"]
[EventType "swiss"]
[EventRounds "7"]
[EventCountry "BIH"]
[SourceTitle "CBM 152 Extra"]
[Source "ChessBase"]
[SourceDate "2013.02.25"]
[SourceVersion "1"]
[SourceVersionDate "2013.02.25"]
[SourceQuality "1"]

1. Nf3 b6 2. g3 Bb7 3. Bg2 e6 4. d3 c5 5. 0-0 Nf6 6. c3 Be7 7. Nbd2 Qc7 8. Re1 d5 9. e4 dxe4 10. dxe4 e5 11. Nh4 g6 12. Bf1 a6 13. a4 Nc6 14. f3 Rd8 15. Qc2 0-0 16. Ng2 h5 17. h4 Bc8 18. Nc4 Be6 19. Bg5 b5 20. axb5 axb5 21. Na3 c4 22. Ne3 Qb6 23. Kh2 Kg7 24. Qe2 Bc5 25. Red1 Rxd1 26. Rxd1 Nh7 27. Nd5 Qb8 28. Be3 Bd6 29. Nc2 Rd8 30. Bh3 Bxh3 31. Kxh3 Ne7 32. Ncb4 Bxb4 33. Nxb4 Nf8 34. Nd5 Nxd5 35. exd5 Qb7 36. Qd2 f6 37. Kg2 Nd7 38. Qf2 Nb8 39. d6 Qc6 40. Bc5 Nd7 41. Be3 Nb8 42. Qe2 Nd7 43. Qf2 Nb8 1/2-1/2

[Event "Lukavac op 1st"]
[Site "Lukavac"]
[Date "2012.11.26"]
[Round "6"]
[White "Jefic, Srdjan"]
[Black "Nezirovic, Ozren"]
[Result "1-0"]
[WhiteElo "2110"]
[BlackElo "2105"]
[PlyCount "53"]
[EventDate "2012.11.23"]
[EventType "swiss"]
[EventRounds "7"]
[EventCountry "BIH"]
[SourceTitle "CBM 151 Extra"]
[Source "ChessBase"]
[SourceDate "2012.12.18"]
[SourceVersion "1"]
[SourceVersionDate "2012.12.18"]
[SourceQuality "1"]

1. e4 d6 2. Nc3 Nf6 3. g3 g6 4. Bg2 Bg7 5. d3 0-0 6. h3 c6 7. Be3 b5 8. Qd2 a6 9. Bh6 e5 10. Bxg7 Kxg7 11. Nf3 b4 12. Ne2 c5 13. 0-0 Nc6 14. Nh2 d5 15. exd5 Nxd5 16. f4 Qd6 17. Rae1 Ra7 18. Ng4 Bxg4 19. hxg4 exf4 20. gxf4 Re7 21. Ng3 Rxe1 22. Qxe1 Qd7 23. Qe4 Nce7 24. f5 Nf6 25. Qe5 Nc6 26. Bxc6 Qxc6 27. g5 1-0

[Event "Lukavac op 1st"]
[Site "Lukavac"]
[Date "2012.11.26"]
[Round "7"]
[White "Vajic, Goran"]
[Black "Jefic, Srdjan"]
[Result "1-0"]
[WhiteElo "2244"]
[BlackElo "2110"]
[PlyCount "129"]
[EventDate "2012.11.23"]
[EventType "swiss"]
[EventRounds "7"]
[EventCountry "BIH"]
[SourceTitle "CBM 151 Extra"]
[Source "ChessBase"]
[SourceDate "2012.12.18"]
[SourceVersion "1"]
[SourceVersionDate "2012.12.18"]
[SourceQuality "1"]

1. e4 d5 2. exd5 Qxd5 3. Nc3 Qd6 4. Bc4 Nf6 5. d4 c6 6. Nge2 Bf5 7. Bf4 Qb4 8. Bb3 e6 9. Qd2 Nbd7 10. 0-0-0 Be7 11. f3 Nb6 12. g4 Bg6 13. a3 Qa5 14. h4 h5 15. g5 Nfd7 16. Kb1 Qa6 17. Bg3 Bf5 18. Ne4 0-0-0 19. N2c3 Nd5 20. Bd6 Bxe4 21. Nxe4 Rhe8 22. Bxd5 cxd5 23. Qb4 Bf8 24. Rd3 Nb8 25. Bxf8 Rxf8 26. Nc5 Qb6 27. Qd2 Qc7 28. Rc3 Nc6 29. b4 Kb8 30. g6 Qd6 31. Re1 Rde8 32. Rce3 Nd8 33. Qd3 Re7 34. gxf7 Rfxf7 35. Qg6 Rf6 36. Qxh5 b6 37. Nd3 Nf7 38. Ne5 Nh6 39. Rc3 Rc7 40. Qe8+ Kb7 41. Rxc7+ Qxc7 42. b5 Nf5 43. Qc6+ Qxc6 44. bxc6+ Kc7 45. c3 Ne7 46. Rg1 g6 47. h5 Rf8 48. hxg6 Rg8 49. Rh1 Nxg6 50. Rh7+ Kb8 51. Rb7+ Ka8 52. Nxg6 Rxg6 53. Re7 Kb8 54. Kc2 Rf6 55. Kb3 Rxf3 56. Kb4 a6 57. Rb7+ Kc8 58. Rxb6 a5+ 59. Kc5 Rxc3+ 60. Kd6 a4 61. Ra6 Kb8 62. Rxa4 Rc1 63. Rb4+ Kc8 64. Rb3 Rc4 65. Rh3 1-0